Advanced Turbo C Programmer's Guide

Uložené v:
Podrobná bibliografia
Hlavný autor: Mosich, Donna
Ďalší autori: Shammas, Namir, Flaming, Bryan
Médium: Kniha
Jazyk:English
Vydavateľské údaje: New York Wiley 1988
Vydanie:1. ed.
Tagy: Pridať tag
Žiadne tagy, Buďte prvý, kto otaguje tento záznam!

MARC

LEADER 00000nam a2200000 4500
001 c033470
005 20221219115440.9
041 0 |a eng 
044 |a US 
245 1 0 |a Advanced Turbo C Programmer's Guide  |c Donna Mosich, Namir Shammas, Bryan Flaming 
250 |a 1. ed. 
264 1 |a New York  |b Wiley  |c 1988 
300 |a 339 s. 
100 1 |a Mosich, Donna 
700 1 |a Shammas, Namir 
700 1 |a Flaming, Bryan